Pracovní zkušenosti obyvatel Domova na půl cesty Maják : bakalářská práce / Petra Dvořáková ; vedoucí práce Hana Pazlarová
Cílem této bakalářská práce je zmapovat pracovní zkušenosti obyvatel Domova na půl cesty Maják. Práce se zaměřuje na charakteristiku sociální služby domů na půl cesty a konkrétně pak na Domov na půl cesty Maják. V další části je popsána cílová skupina klientů domů na půl cesty a jsou zde uvedena témata deprivace, attachmentu a traumatu. Následující kapitola se zaměřuje na téma práce, nezaměstnanosti a uvedené jsou také s tím spojené zkušenosti z Domova na půl cesty Maják. Poslední část mapuje pomocí rozhovorů s klienty Domova na půl cesty Maják jejich pracovní zkušenosti. Ke každému respondentovi jsou uvedeny základní informace, je zde popsána metodologie šetření. Rozhovory se zaměřují na současnou práci, na první pracovní zkušenosti a na konkrétní pomoc při hledání práce. Další témata rozhovoru jsou vzpomínky spojené s prací, vztahy na pracovišti, přínos práce pro život i její negativní vlivy. Jako poslední oblast rozhovoru jsou uvedeny rady mladým lidem opouštějícím ústavní zařízení, jak uspět při hledání pracovního zařazení.
Record details
- Physical Description: 79 stran : přílohy ; 31 cm
Content descriptions
| Dissertation Note: | Bakalářská práce (Bc.), Univerzita Karlova, ETF, 2019 |
| Bibliography, etc. Note: | Obsahuje bibliografii |
Search for related items by subject
| Genre: | bakalářská práce |
Available copies
- 1 of 1 copy available at Common Catalog SPOK.
Holds
- 0 current holds with 1 total copy.
Show Only Available Copies
| Location | Call Number / Copy Notes | Barcode | Shelving Location | Status | Due Date |
|---|---|---|---|---|---|
| Jabok Library | ABP-2569 | 424480046520 | Absolventské práce | Reference | - |
Electronic resources
Version of Resource: Plný text
| LDR | ntm a22 i 4500 | ||
|---|---|---|---|
| 001 | 57993 | ||
| 003 | CZ-PrJAB | ||
| 005 | 20241015140356.0 | ||
| 007 | ta | ||
| 008 | 241015s2019 xr e 000 0 cze | ||
| 040 | . | ‡aABG312 ‡bcze ‡erda | |
| 041 | 0 | . | ‡acze ‡beng |
| 072 | 7. | ‡a364-1/-7 ‡xDruhy sociální pomoci a služeb ‡2Konspekt ‡918 | |
| 100 | 1 | . | ‡aDvořáková, Petra ‡4aut |
| 245 | 1 | 0. | ‡aPracovní zkušenosti obyvatel Domova na půl cesty Maják : ‡bbakalářská práce / ‡cPetra Dvořáková ; vedoucí práce Hana Pazlarová |
| 264 | 0. | ‡c2019 | |
| 300 | . | ‡a79 stran : ‡bpřílohy ; ‡c31 cm | |
| 336 | . | ‡atext ‡btxt ‡2rdacontent | |
| 337 | . | ‡abez média ‡bn ‡2rdamedia | |
| 338 | . | ‡asvazek ‡bnc ‡2rdacarrier | |
| 502 | . | ‡aBakalářská práce (Bc.), Univerzita Karlova, ETF, 2019 | |
| 504 | . | ‡aObsahuje bibliografii | |
| 520 | 3 | . | ‡aCílem této bakalářská práce je zmapovat pracovní zkušenosti obyvatel Domova na půl cesty Maják. Práce se zaměřuje na charakteristiku sociální služby domů na půl cesty a konkrétně pak na Domov na půl cesty Maják. V další části je popsána cílová skupina klientů domů na půl cesty a jsou zde uvedena témata deprivace, attachmentu a traumatu. Následující kapitola se zaměřuje na téma práce, nezaměstnanosti a uvedené jsou také s tím spojené zkušenosti z Domova na půl cesty Maják. Poslední část mapuje pomocí rozhovorů s klienty Domova na půl cesty Maják jejich pracovní zkušenosti. Ke každému respondentovi jsou uvedeny základní informace, je zde popsána metodologie šetření. Rozhovory se zaměřují na současnou práci, na první pracovní zkušenosti a na konkrétní pomoc při hledání práce. Další témata rozhovoru jsou vzpomínky spojené s prací, vztahy na pracovišti, přínos práce pro život i její negativní vlivy. Jako poslední oblast rozhovoru jsou uvedeny rady mladým lidem opouštějícím ústavní zařízení, jak uspět při hledání pracovního zařazení. |
| 653 | 0 | . | ‡adům na půl cesty ‡azaměstnání ‡anezaměstnanost |
| 653 | 0 | . | ‡aodchod z ústavní péče ‡amladí ‡adeprivace ‡atrauma |
| 655 | 7. | ‡abakalářská práce ‡7ph114112 ‡2czenas | |
| 700 | 1 | . | ‡aPazlarová, Hana ‡4ths |
| 710 | 2 | . | ‡aUniverzita Karlova. Evangelická teologická fakulta |
| 856 | 4 | 1. | ‡uhttps://dspace.cuni.cz/bitstream/handle/20.500.11956/111388/130255446.pdf?sequence=1&isAllowed=y ‡yPlný text |
| 910 | . | ‡aABG312 | |
| 901 | . | ‡a57993 ‡bAUTOGEN ‡c57993 ‡tbiblio | |